Влияние дозы облучения при имплантации ионов гафния на физико-химическое состояние поверхностных слоев и механические свойства жаропрочных титановых сплавов; Поверхность. Физика, химия, механика; № 6

Detalles Bibliográficos
Parent link:Поверхность. Физика, химия, механика/ Российская кадемия наук (РАН), Институт физики твердого тела (ИФТТ).— , 1983-1996
№ 6.— 1993.— С. 132-143
Outros autores: Шулов В. А, Рябчиков А. И. Александр Ильич, Ночовная Н. А., Кощеев В. А., Полякова И. Г., Компанеец А. А., Родкина Л. Е., Волкова Л. Ф.
Summary:Исследовано влияние дозы облучения в интервале 1016-2×1017 см-2 ионами гафния с энергией 75 кэВ на химич. состав и структурно-фазовое состояние поверхн. слоев, а также усталостную прочность и сопротивление пылевой эрозии жаропрочных титановых сплавов. Показано, что с помощью ионной имплантации гафния удается повысить предел выносливости сплава ВТ9 на 80%, а сопротивление пылевой эрозии - на 30%
Idioma:ruso
Publicado: 1993
Subjects:
Formato: MixedMaterials Capítulo de libro
KOHA link:https://koha.lib.tpu.ru/cgi-bin/koha/opac-detail.pl?biblionumber=506079

MARC

LEADER 00000naa2a2200000 4500
001 506079
005 20231101103139.0
035 |a (RuTPU)RU\TPU\prd\176942 
090 |a 506079 
100 |a 20130430a k y0rusy50 ca 
101 0 |a rus 
102 |a RU 
200 1 |a Влияние дозы облучения при имплантации ионов гафния на физико-химическое состояние поверхностных слоев и механические свойства жаропрочных титановых сплавов  |f В. А Шулов [и др.] 
330 |a Исследовано влияние дозы облучения в интервале 1016-2×1017 см-2 ионами гафния с энергией 75 кэВ на химич. состав и структурно-фазовое состояние поверхн. слоев, а также усталостную прочность и сопротивление пылевой эрозии жаропрочных титановых сплавов. Показано, что с помощью ионной имплантации гафния удается повысить предел выносливости сплава ВТ9 на 80%, а сопротивление пылевой эрозии - на 30% 
461 1 |0 (RuTPU)RU\TPU\prd\294  |t Поверхность. Физика, химия, механика  |f Российская кадемия наук (РАН), Институт физики твердого тела (ИФТТ)  |d 1983-1996 
463 1 |0 (RuTPU)RU\TPU\prd\107642  |t № 6  |v С. 132-143  |d 1993 
610 1 |a труды учёных ТПУ 
701 1 |a Шулов  |b В. А 
701 1 |a Рябчиков  |b А. И.  |c физик  |c профессор Томского политехнического университета, доктор физико-математических наук  |f 1950-  |g Александр Ильич  |2 stltpush  |3 (RuTPU)RU\TPU\pers\22006 
701 1 |a Ночовная  |b Н. А. 
701 1 |a Кощеев  |b В. А. 
701 1 |a Полякова  |b И. Г. 
701 1 |a Компанеец  |b А. А. 
701 1 |a Родкина  |b Л. Е. 
701 1 |a Волкова  |b Л. Ф. 
801 1 |a RU  |b 63413507  |c 20130430 
801 2 |a RU  |b 63413507  |c 20130430  |g RCR 
942 |c BK